ბათუმის შოთა რუსთაველის სახელმწიფო უნივერსიტეტის ბიბლიოთეკა

Georgia in Antiquity: (ბიბ.ჩანაწერი № 60502)

000 -LEADER
fixed length control field 00708nam a22001817a 4500
005 - DATE AND TIME OF LATEST TRANSACTION
control field 20230808130838.0
008 - FIXED-LENGTH DATA ELEMENTS--GENERAL INFORMATION
fixed length control field 230808s1994 enk||||| |||| 00| 0 eng d
020 ## - INTERNATIONAL STANDARD BOOK NUMBER
International Standard Book Number 0198144733x
041 ## - LANGUAGE CODE
Language code of text/sound track or separate title eng
080 ## - UNIVERSAL DECIMAL CLASSIFICATION NUMBER
Universal Decimal Classification number 94(479.22) /05 B-84
100 ## - MAIN ENTRY--PERSONAL NAME
Personal name Braund, David
9 (RLIN) 19638
245 ## - TITLE STATEMENT
Title Georgia in Antiquity:
Remainder of title A History of Colchis and Transcaucasian Iberia, 550 BC-AD 562 /
Statement of responsibility, etc. David Braund.
264 ## - PRODUCTION, PUBLICATION, DISTRIBUTION, MANUFACTURE, AND COPYRIGHT NOTICE
Place of production, publication, distribution, manufacture Oxford :
Name of producer, publisher, distributor, manufacturer Clarendon Press,
Date of production, publication, distribution, manufacture, or copyright notice 1994.
300 ## - PHYSICAL DESCRIPTION
Extent 360 p.;
Other physical details 24 cm.
653 ## - INDEX TERM--UNCONTROLLED
keyword საქართველო ანტიკურ ხანაში
653 ## - INDEX TERM--UNCONTROLLED
keyword კოლხეთისა და ამიერკავკასიის იბერიის ისტორია
942 ## - ADDED ENTRY ELEMENTS (KOHA)
Source of classification or shelving scheme
Koha item type წიგნი
ეგზემპლარები
Withdrawn status Lost status Source of classification or shelving scheme Damaged status Not for loan Permanent Location Current Location Shelving location Date acquired Cost, normal purchase price Full call number Barcode Date last seen Copy number Uniform Resource Identifier Price effective from Koha item type Public note
          ბათუმის შოთა რუსთაველის სახელმწიფო უნივერსიტეტის მთავარი ბიბლიოთეკა ბათუმის შოთა რუსთაველის სახელმწიფო უნივერსიტეტის მთავარი ბიბლიოთეკა წიგნსაცავი 2023-08-08 12.00 94(479.22) /05 B-84 65138 2023-08-08 65138 ბსუ-ს საპატიო დოქტორის გურამ ლორთქიფანიძის საჩუქარი 2023-08-08 წიგნი 12 ლ.